Perspektívy ekonomiky Slovenskej republiky Ekonomickí experti odpovedajú na anketové otázky Ekonomického ústavu SAV
Výsledky anketového prieskumu názorov mimovládnych ekonomických expertov výskumu, vysokých škôl a podnikateľskej sféry na vývoj ekonomiky Slovenska do konca r.1993 (anketa sa uskutočnila od 14. do 25.6.1993).
Guardado en:
| Autor principal: | |
|---|---|
| Formato: | Capítulo de libro |
| Lenguaje: | eslovaco |
| Materias: | |
| Etiquetas: |
Sin Etiquetas, Sea el primero en etiquetar este registro!
|
MARC
| LEADER | 00000naa a2200000 4500 | ||
|---|---|---|---|
| 001 | r014008 | ||
| 005 | 20221205080645.1 | ||
| 041 | 0 | |a slo | |
| 044 | |a SK | ||
| 245 | 1 | 0 | |a Perspektívy ekonomiky Slovenskej republiky |b Ekonomickí experti odpovedajú na anketové otázky Ekonomického ústavu SAV |c J. Prosnan |
| 520 | |a Výsledky anketového prieskumu názorov mimovládnych ekonomických expertov výskumu, vysokých škôl a podnikateľskej sféry na vývoj ekonomiky Slovenska do konca r.1993 (anketa sa uskutočnila od 14. do 25.6.1993). | ||
| 610 | 2 | 0 | |a situácia hospodárska |
| 610 | 2 | 0 | |a Slovensko |
| 610 | 2 | 0 | |a 1993 |
| 610 | 2 | 0 | |a ankety |
| 610 | 2 | 0 | |a experti |
| 610 | 2 | 0 | |a rozvoj hospodársky |
| 610 | 2 | 0 | |a EÚ SAV Bratislava |
| 100 | 1 | |a Prosnan, Jozef | |